000 00956nam a22003377a 4500
001 BR0200012
003 BR-BrBNA
005 20230928101001.0
007 ta
008 230509b bl.||||| |||| 00| 0 por d
040 _aBR-BrBNA
_bpor
_cBiblioteca Nacional de Agricultura
041 _a(Por)
072 _aF04; F06
_b3300
_b0600
_b1300
090 _ 3300 BR0200012
100 1 _aFolegatti, M.V.
100 1 _aCasarini, E.
100 1 _aBlanco, F.F.
100 1 _aBrasil, R.P.C. do
100 1 _aResende, R.S.(coord.)
245 1 _aFertirrigacao: flores, frutas e hortalicas; vol. 2
260 3 _aGuaiba, RS (Brasil):
_bLivraria e Editora Agropecuaria,
_c2001.
300 _a331 p.
500 _aSeveral bibliography; Summary (Por); 31 illus.; 59 tables
650 _aFlor
650 _aFruta
650 _aHortalica
650 _aFertirrigacao
650 _aPratica Cultural
909 _a202309
_bLucia
_c55
_dLucia Elande
942 _cBK
999 _c63711
_d63711